000 01191nam a22002297a 4500
003 NALT
005 20251125232935.0
008 s2532 th tha d
040 _aNALT
041 _atha
050 _aDL 419.3
_bท7ค 2532
100 0 _aเทพรัตนราชสุดาฯ สยามบรมราชกุมารี,
_953950
_cสมเด็จพระ
245 1 0 _aคืนฟ้าใส /
_cสมเด็จพระเทพรัตนราชสุดาฯ สยามบรมราชกุมารี,
260 _aกรุงเทพฯ :
_bอมรินทร์พริ้นติ้ง กรุ๊ป,
_c2532
300 _a337 หน้า :
_bภาพประกอบ ;
_c27 ซม.
651 4 _926638
_aนอร์เวย์
_xภูมิประเทศและการท่องเที่ยว
651 4 _939311
_aเดนมาร์ก
_xภูมิประเทศและการท่องเที่ยว
850 _aNALT
856 4 0 _uhttps://hdl.handle.net/20.500.14156/331290
942 _cGB
_2lcc
998 _c103
_j109
_k อารีรัตน์ วิชาช่าง
999 _c40526
_d40526